| 000 | 00608nam a2200169Ia 4500 | ||
|---|---|---|---|
| 003 | GCL | ||
| 005 | 20240530103049.0 | ||
| 008 | 140319s9999 xx 000 0 ara d | ||
| 040 |
_aGCL / _cGCL |
||
| 082 | 0 | 4 |
_aق _b069.5 _bج د |
| 100 | 1 | _aجمعية الاثار القبطية | |
| 245 | 1 | 0 |
_aدليل معرض الاثار القبطية تحت رعاية صاحب الجلالة الملك / _cجمعية الاثار القبطية |
| 260 |
_a[S.N] : _bجمعية الاثار القبطية ، _c1994 |
||
| 650 | 0 | 4 | _aمصر القديمة |
| 650 | 0 | 4 | _aالاثار القبطية |
| 942 |
_2ddc _cBK |
||
| 999 |
_c36535 _d36535 |
||